[Event "AUTO-INT-41"]
[Site "http://www.queenalice.com/game.php?id=28277"]
[Date "2005.9.12"]
[Round "1"]
[White "dlabedz"]
[Black "monisha"]
[Result "1-0"]
[WhiteElo "1232"]
[BlackElo "1028"]

1. c4 e5 2. Nc3 Nf6 3. Nf3 Nc6 4. d4 exd4 5. Nd5 Nxd5 6. Nxd4 Nxd4 7. Qxd4 Nf6
8. Qe3+ Be7 9. h3 d6 10. b3 Bf5 11. g4 Bg6 12. Bb2 O-O 13. O-O-O Rc8 14. f4 h6
15. Rg1 a6 16. h4 c6 17. f5 Bh7 18. g5 hxg5 19. hxg5 Nd7 20. b4 Bxf5 21. Bh3 1-0

[Event "AUTO-INT-41"]
[Site "http://www.queenalice.com/game.php?id=28278"]
[Date "2005.9.12"]
[Round "1"]
[White "monisha"]
[Black "dlabedz"]
[Result "0-1"]
[WhiteElo "1036"]
[BlackElo "1224"]

1. e4 e5 2. Nf3 Nc6 3. Bc4 Nf6 4. Nc3 a6 5. a4 Bd6 6. d4 Bb4 7. Bd2 d5 8. exd5
Nxd4 9. Nxd4 Bd7 10. O-O c6 11. Nf3 h5 12. dxc6 bxc6 13. Re1 Qb6 14. Nxe5 O-O
15. Nxd7 Nxd7 16. Re7 Bxe7 17. Qe2 Nf6 18. Qxe7 Nd5 19. Nxd5 cxd5 20. Bxd5 Qxb2
21. Re1 Rae8 0-1

[Event "AUTO-INT-41"]
[Site "http://www.queenalice.com/game.php?id=28289"]
[Date "2005.9.12"]
[Round "1"]
[White "monisha"]
[Black "Tiago"]
[Result "0-1"]
[WhiteElo "1119"]
[BlackElo "1253"]

1. e4 e5 2. Nf3 f6 3. Nc3 b6 4. Bc4 Nh6 5. d4 c5 6. dxe5 Ba6 7. Bd3 g5 8. h3 c4
9. Be2 Nc6 10. exf6 Nf7 11. Nd5 b5 12. Nxg5 Nxg5 13. Bxg5 Rg8 14. f7+ Kxf7 15.
Bxd8 Rxd8 16. Bh5+ Ke6 17. Nc7+ Ke7 18. Nxa6 Rxg2 19. Bg4 Bg7 0-1

[Event "AUTO-INT-41"]
[Site "http://www.queenalice.com/game.php?id=28290"]
[Date "2005.9.12"]
[Round "1"]
[White "Tiago"]
[Black "monisha"]
[Result "1-0"]
[WhiteElo "1228"]
[BlackElo "1144"]

1. e4 e5 2. Qh5 Nf6 3. Qg5 h6 4. Qg3 Nxe4 5. Qe3 Nf6 6. Kd1 d5 7. Bb5+ c6 8. Bf1
Bf5 9. Qxe5+ Be6 10. Nf3 Nbd7 11. Qe3 Bc5 12. d4 Bb6 13. c3 Qc7 14. Nh4 O-O-O
15. Qg3 Ne4 16. Qf3 Rhf8 17. Bf4 Nd6 18. Qg3 1-0

[Event "Let's Play Chess!"]
[Site "http://www.queenalice.com/game.php?id=28300"]
[Date "2005.9.12"]
[Round "-"]
[White "EngEsp"]
[Black "monisha"]
[Result "1-0"]
[WhiteElo "1413"]
[BlackElo "1149"]

1. e4 e5 2. Qh5 Nc6 3. Bc4 g6 4. Qg4 d5 5. Qf3 dxc4 6. Ne2 Bg7 7. d3 cxd3 8.
cxd3 Nf6 9. Nec3 Bg4 10. Qg3 Qd7 11. Nb5 a6 12. N5c3 Nd4 13. Qxe5+ Be6 14. Bg5
1-0

[Event "AUTO-OPEN-142"]
[Site "http://www.queenalice.com/game.php?id=28460"]
[Date "2005.9.13"]
[Round "1"]
[White "monisha"]
[Black "Gebot"]
[Result "0-1"]
[WhiteElo "1211"]
[BlackElo "1827"]

1. e4 c5 2. Nf3 Nc6 3. Nc3 e5 4. Bc4 Nf6 5. O-O a6 6. a4 h6 7. d3 d6 8. Be3 Nd4
9. Bxd4 cxd4 10. Nd5 Be7 0-1

[Event "AUTO-OPEN-142"]
[Site "http://www.queenalice.com/game.php?id=28461"]
[Date "2005.9.13"]
[Round "1"]
[White "Gebot"]
[Black "monisha"]
[Result "1-0"]
[WhiteElo "1829"]
[BlackElo "1209"]

1. e4 e5 2. Bc4 Nf6 3. d3 Nc6 4. a3 Bc5 5. b4 Bb6 6. Nf3 d6 7. h3 Be6 8. Bxe6
fxe6 9. Bd2 Qd7 10. a4 a6 11. c4 1-0

[Event "AUTO-OPEN-143"]
[Site "http://www.queenalice.com/game.php?id=28634"]
[Date "2005.9.14"]
[Round "1"]
[White "monisha"]
[Black "BodomChilD"]
[Result "0-1"]
[WhiteElo "1038"]
[BlackElo "1218"]

1. e4 e5 2. Nf3 Nf6 3. Nc3 g6 4. Nxe5 Qe7 5. Nf3 Nxe4 6. Nxe4 Qxe4+ 7. Qe2 Qe7
8. Qxe7+ Bxe7 9. Bc4 O-O 10. O-O Nc6 0-1

[Event "AUTO-OPEN-143"]
[Site "http://www.queenalice.com/game.php?id=28655"]
[Date "2005.9.14"]
[Round "1"]
[White "agencia007"]
[Black "monisha"]
[Result "1-0"]
[WhiteElo "1586"]
[BlackElo "1292"]

1. e4 e5 2. Nf3 Nc6 3. Bc4 Bc5 4. O-O d6 5. Ng5 Qxg5 6. d4 Qg6 7. dxc5 dxc5 8.
Nc3 Bh3 9. Qf3 Bg4 10. Bxf7+ Qxf7 11. Qxg4 Nf6 12. Qg3 1-0

[Event "AUTO-OPEN-143"]
[Site "http://www.queenalice.com/game.php?id=28656"]
[Date "2005.9.14"]
[Round "1"]
[White "monisha"]
[Black "agencia007"]
[Result "0-1"]
[WhiteElo "1292"]
[BlackElo "1580"]

1. e4 e5 2. Nf3 Nc6 3. Nc3 Nf6 4. Bc4 Bc5 5. d3 O-O 6. Be3 Bxe3 7. fxe3 d6 8.
O-O Ng4 9. Qe2 Re8 10. h3 Nf6 11. Rae1 Be6 12. Bxe6 Rxe6 0-1

[Event "AUTO-INT-42"]
[Site "http://www.queenalice.com/game.php?id=28727"]
[Date "2005.9.15"]
[Round "1"]
[White "monisha"]
[Black "ENDHER"]
[Result "0-1"]
[WhiteElo "1292"]
[BlackElo "1776"]

1. e4 e5 2. Nf3 Nc6 3. Bc4 h6 4. d3 Bc5 5. Nc3 Nf6 6. Be3 Bxe3 7. fxe3 d6 8. O-O
Ng4 9. Qe2 O-O 10. h3 Nf6 11. Rae1 Ne7 12. Bb3 Re8 13. Qf2 c6 0-1

[Event "AUTO-INT-42"]
[Site "http://www.queenalice.com/game.php?id=28728"]
[Date "2005.9.15"]
[Round "1"]
[White "ENDHER"]
[Black "monisha"]
[Result "1-0"]
[WhiteElo "1923"]
[BlackElo "1205"]

1. d4 d5 2. c4 e6 3. Nc3 Nf6 4. Nf3 Nc6 5. Bg5 Bb4 6. Ne5 Nxd4 7. e3 Nc6 8. Nxc6
bxc6 9. Qa4 Bxc3+ 10. bxc3 Bd7 11. cxd5 cxd5 12. Qd4 h6 13. Bh4 a6 14. Bd3 Rb8
15. O-O Rb6 16. h3 1-0